[Event "Agosto de Victorias op"]
[Site "Mayabeque"]
[Date "2018.08.08"]
[Round "9"]
[White "Hernandez Herrera, Hanoy Fredy"]
[Black "Gonzalez Munoz, Ariel"]
[Result "1/2-1/2"]
[WhiteElo "2004"]
[BlackElo "2120"]
[PlyCount "126"]
[EventDate "2018.08.04"]
[EventType "swiss"]
[EventRounds "9"]
[EventCountry "CUB"]
[SourceTitle "EXT 2021"]
[Source "ChessBase"]
[SourceDate "2020.10.23"]
[SourceVersion "1"]
[SourceVersionDate "2020.10.23"]
[SourceQuality "1"]

1. e4 c5 2. Nf3 Nc6 3. d4 cxd4 4. Nxd4 g6 5. Nc3 Bg7 6. Be3 Nf6 7. Be2 0-0 8. Qd2 d5 9. exd5 Nxd5 10. Nxd5 Qxd5 11. Bf3 Qe5 12. Nxc6 bxc6 13. 0-0 Bf5 14. c3 Rfd8 15. Qc1 Qc7 16. Re1 Rab8 17. Bc5 e5 18. b3 Rd3 19. Be2 Rd5 20. Qe3 Rd7 21. Rad1 Rbd8 22. Rxd7 Qxd7 23. Bxa7 Ra8 24. Bb6 Bf6 25. a4 Bc2 26. Bc4 e4 27. a5 Bd3 28. Qd2 Qf5 29. Bxd3 exd3 30. Rd1 Bd8 31. h3 Bxb6 32. axb6 Qb5 33. Qxd3 Qxb6 34. b4 h5 35. Qd4 Qb5 36. Re1 Qg5 37. Qd7 Qf6 38. Re8+ Rxe8 39. Qxe8+ Kg7 40. Qe3 Qf5 41. Qd4+ Kg8 42. h4 Qb1+ 43. Kh2 Qe1 44. Qe3 Qf1 45. Qe8+ Kg7 46. Qxc6 Qxf2 47. Qe4 Qf1 48. c4 f5 49. Qd4+ Kh7 50. b5 f4 51. b6 f3 52. gxf3 Qxf3 53. c5 Qe2+ 54. Kg3 Qe1+ 55. Kf3 Qe6 56. Qd6 Qh3+ 57. Ke2 Qxh4 58. Qc7+ Kh6 59. b7 Qe4+ 60. Kf2 Qd4+ 61. Kg3 Qe3+ 62. Kh2 Qf2+ 63. Kh3 Qf3+ 1/2-1/2

[Event "Agosto de Victorias op"]
[Site "Mayabeque"]
[Date "2018.08.06"]
[Round "5"]
[White "Hernandez Herrera, Hanoy Fredy"]
[Black "Garcia Fuentes, Rachel"]
[Result "1-0"]
[WhiteElo "2004"]
[BlackElo "1491"]
[PlyCount "39"]
[EventDate "2018.08.04"]
[EventType "swiss"]
[EventRounds "9"]
[EventCountry "CUB"]
[SourceTitle "EXT 2021"]
[Source "ChessBase"]
[SourceDate "2020.10.23"]
[SourceVersion "1"]
[SourceVersionDate "2020.10.23"]
[SourceQuality "1"]

1. d4 d5 2. Nf3 Nf6 3. Bg5 Bf5 4. e3 h6 5. Bf4 e6 6. c4 Bb4+ 7. Nc3 Ne4 8. Qb3 Bxc3+ 9. bxc3 Nc6 10. Qxb7 Na5 11. Qb4 Nc6 12. Qa3 Qe7 13. Qa4 Qd7 14. Rc1 0-0 15. cxd5 Qxd5 16. Bc4 Qa5 17. Qxc6 Nxc3 18. 0-0 Nxa2 19. Ra1 Nb4 20. Qxa8 1-0

[Event "Giraldilla de La Habana op"]
[Site "Havana"]
[Date "2018.08.03"]
[Round "9"]
[White "Hernandez Herrera, Hanoy Fredy"]
[Black "Menendez Mallet, Jhon Maykol"]
[Result "1-0"]
[WhiteElo "2004"]
[BlackElo "1866"]
[PlyCount "57"]
[EventDate "2018.07.28"]
[EventType "swiss"]
[EventRounds "9"]
[EventCountry "CUB"]
[SourceTitle "EXT 2021"]
[Source "ChessBase"]
[SourceDate "2020.10.23"]
[SourceVersion "1"]
[SourceVersionDate "2020.10.23"]
[SourceQuality "1"]

1. e4 e6 2. d4 d5 3. Nd2 Nf6 4. e5 Nfd7 5. Bd3 c5 6. c3 Nc6 7. Ne2 cxd4 8. cxd4 Qb6 9. Nf3 f6 10. exf6 Nxf6 11. 0-0 Bd6 12. Re1 0-0 13. Ng3 Bd7 14. b3 Rae8 15. Bb2 Qc7 16. Rc1 Qb8 17. Ne5 a6 18. Nh5 Re7 19. Re3 Be8 20. Nxf6+ Rxf6 21. Qg4 Bg6 22. Nxg6 hxg6 23. Rh3 Bf4 24. Re1 Bh6 25. Ba3 Re8 26. Bxg6 Rf4 27. Qg3 Rf6 28. Rxh6 Qxg3 29. hxg3 1-0

[Event "Giraldilla de La Habana op"]
[Site "Havana"]
[Date "2018.07.30"]
[Round "5"]
[White "Hernandez Herrera, Hanoy Fredy"]
[Black "Hernandez Meilan, Manuel"]
[Result "0-1"]
[WhiteElo "2004"]
[BlackElo "1825"]
[PlyCount "50"]
[EventDate "2018.07.28"]
[EventType "swiss"]
[EventRounds "9"]
[EventCountry "CUB"]
[SourceTitle "EXT 2021"]
[Source "ChessBase"]
[SourceDate "2020.10.23"]
[SourceVersion "1"]
[SourceVersionDate "2020.10.23"]
[SourceQuality "1"]

1. e4 e5 2. Nf3 Nc6 3. Bb5 a6 4. Ba4 Nf6 5. 0-0 Be7 6. d3 b5 7. Bb3 0-0 8. Nc3 d6 9. h3 Na5 10. Be3 Nxb3 11. axb3 Bb7 12. Re1 c5 13. Qd2 Qc7 14. Ne2 Rfe8 15. Ng3 g6 16. Bg5 Rad8 17. c4 b4 18. h4 Ng4 19. Qe2 Qd7 20. Bxe7 Rxe7 21. Qd2 Rf8 22. h5 f5 23. Qg5 h6 24. Qh4 f4 25. Nf1 g5 0-1

[Event "Giraldilla de La Habana op"]
[Site "Havana"]
[Date "2018.07.29"]
[Round "3"]
[White "Gomez Arnau, Reinerio"]
[Black "Hernandez Herrera, Hanoy Fredy"]
[Result "1-0"]
[WhiteElo "2166"]
[BlackElo "2004"]
[PlyCount "53"]
[EventDate "2018.07.28"]
[EventType "swiss"]
[EventRounds "9"]
[EventCountry "CUB"]
[SourceTitle "EXT 2021"]
[Source "ChessBase"]
[SourceDate "2020.10.23"]
[SourceVersion "1"]
[SourceVersionDate "2020.10.23"]
[SourceQuality "1"]

1. d4 Nf6 2. Nc3 d5 3. Bg5 e6 4. e4 dxe4 5. Nxe4 Be7 6. Bxf6 Bxf6 7. Nf3 Nd7 8. Bd3 Be7 9. Qe2 Nf6 10. 0-0-0 c6 11. Kb1 Qb6 12. c4 Bd7 13. c5 Qc7 14. Ne5 Nxe4 15. Bxe4 Bf6 16. f4 Bxe5 17. dxe5 0-0-0 18. Rd6 Be8 19. Rhd1 Rxd6 20. cxd6 Qd8 21. Qe3 Qb6 22. Qg3 g6 23. a3 Bd7 24. h4 h5 25. Qc3 Kb8 26. Qg3 Re8 27. Rd3 1-0

[Event "Giraldilla de La Habana op"]
[Site "Havana"]
[Date "2018.07.29"]
[Round "4"]
[White "Reyes Pedro, Manuel Enrique"]
[Black "Hernandez Herrera, Hanoy Fredy"]
[Result "1-0"]
[WhiteElo "1932"]
[BlackElo "2004"]
[PlyCount "44"]
[EventDate "2018.07.28"]
[EventType "swiss"]
[EventRounds "9"]
[EventCountry "CUB"]
[SourceTitle "EXT 2021"]
[Source "ChessBase"]
[SourceDate "2020.10.23"]
[SourceVersion "1"]
[SourceVersionDate "2020.10.23"]
[SourceQuality "1"]

1. d4 Nf6 2. c4 g6 3. Nc3 d5 4. cxd5 Nxd5 5. e4 Nxc3 6. bxc3 c5 7. Bc4 Bg7 8. Be3 Nc6 9. Ne2 cxd4 10. cxd4 Qa5+ 11. Bd2 Qh5 12. Be3 0-0 13. 0-0 Rd8 14. Rb1 Ne5 15. Bd5 Ng4 16. h3 Nxe3 17. fxe3 Bf6 18. Qd3 Qg5 19. Kh1 Rb8 20. Rb5 Qh4 21. Rxf6 exf6 22. Nf4 Bf5 1-0

[Event "Villa Roja de Artemisa tt"]
[Site "Artemisa"]
[Date "2018.06.23"]
[Round "7.2"]
[White "Diaz Garcia, Mario Daniel"]
[Black "Hernandez Herrera, Hanoy Fredy"]
[Result "1-0"]
[WhiteElo "2063"]
[BlackElo "2043"]
[PlyCount "79"]
[EventDate "2018.06.20"]
[EventType "team-tourn"]
[EventRounds "9"]
[EventCountry "CUB"]
[SourceTitle "EXT 2021"]
[Source "ChessBase"]
[SourceDate "2020.10.23"]
[SourceVersion "1"]
[SourceVersionDate "2020.10.23"]
[SourceQuality "1"]

1. e4 c5 2. Nf3 e6 3. d4 cxd4 4. Nxd4 Qb6 5. Be3 Bc5 6. Nc3 Nc6 7. Na4 Qa5+ 8. c3 Bxd4 9. Bxd4 Nxd4 10. Qxd4 e5 11. Qc4 Nf6 12. 0-0-0 0-0 13. f3 a6 14. Qb4 Qxb4 15. cxb4 b5 16. Nc5 Rd8 17. Rd6 Ne8 18. Rd2 d6 19. Be2 Kf8 20. Rhd1 Ke7 21. b3 Nc7 22. Nd3 Bb7 23. Kb2 Ne6 24. Ne1 Rac8 25. Nc2 Rc7 26. a4 Bc6 27. Na3 Nd4 28. Rxd4 exd4 29. axb5 Bxb5 30. Bxb5 axb5 31. Nxb5 Rc6 32. Nxd4 Rb6 33. b5 Rd7 34. Nc6+ Ke6 35. Rd5 g6 36. Ka3 f6 37. Kb4 Kf7 38. Ka5 Rbb7 39. b6 Ke8 40. Ka6 1-0

[Event "Villa Roja de Artemisa tt"]
[Site "Artemisa"]
[Date "2018.06.22"]
[Round "6.2"]
[White "Perez Grinan, Pedro Ernesto"]
[Black "Hernandez Herrera, Hanoy Fredy"]
[Result "1-0"]
[WhiteElo "2071"]
[BlackElo "2043"]
[PlyCount "27"]
[EventDate "2018.06.20"]
[EventType "team-tourn"]
[EventRounds "9"]
[EventCountry "CUB"]
[SourceTitle "EXT 2021"]
[Source "ChessBase"]
[SourceDate "2020.10.23"]
[SourceVersion "1"]
[SourceVersionDate "2020.10.23"]
[SourceQuality "1"]

1. d4 Nf6 2. Bf4 e6 3. e3 c5 4. c3 cxd4 5. exd4 Be7 6. Bd3 0-0 7. Qc2 d5 8. Nd2 Bd7 9. Ngf3 b5 10. a3 a5 11. Ne5 Qb6 12. g4 Nc6 13. Bxh7+ Kh8 14. g5 1-0

[Event "Villa Roja de Artemisa tt"]
[Site "Artemisa"]
[Date "2018.06.20"]
[Round "1.2"]
[White "Diaz Garcia, Mario Daniel"]
[Black "Hernandez Herrera, Hanoy Fredy"]
[Result "1/2-1/2"]
[WhiteElo "2063"]
[BlackElo "2043"]
[PlyCount "78"]
[EventDate "2018.06.20"]
[EventType "team-tourn"]
[EventRounds "9"]
[EventCountry "CUB"]
[SourceTitle "EXT 2021"]
[Source "ChessBase"]
[SourceDate "2020.10.23"]
[SourceVersion "1"]
[SourceVersionDate "2020.10.23"]
[SourceQuality "1"]

1. e4 e5 2. Nf3 Nf6 3. Nxe5 d6 4. Nf3 Nxe4 5. Nc3 Nxc3 6. dxc3 Be7 7. Bf4 0-0 8. Qd2 Nd7 9. 0-0-0 Nc5 10. h4 Bg4 11. Re1 Qd7 12. Nd4 Rfe8 13. f3 Be6 14. Nxe6 Nxe6 15. Bg3 Qa4 16. Kb1 Bf6 17. Bf2 Nc5 18. g3 Rxe1+ 19. Bxe1 Re8 20. Rh2 Qc6 21. Re2 Rxe2 22. Qxe2 Kf8 23. Bg2 Na4 24. Qe3 Qb5 25. b3 Qc5 26. Qxc5 Nxc5 27. Kc1 Ke7 28. Kd2 d5 29. f4 Kd6 30. g4 g6 31. Ke3 c6 32. f5 Be5 33. Bf1 Ne4 34. c4 Ng3 35. Bd3 gxf5 36. Bxg3 Bxg3 37. Bxf5 dxc4 38. bxc4 Bxh4 39. Bxh7 Ke5 1/2-1/2

[Event "Artemisa Inder Anivers"]
[Site "Artemisa"]
[Date "2018.02.20"]
[Round "2.3"]
[White "Blanco Milet, Leandro"]
[Black "Hernandez Herrera, Hanoy Fredy"]
[Result "1/2-1/2"]
[WhiteElo "2055"]
[BlackElo "2037"]
[PlyCount "116"]
[EventDate "2018.02.20"]
[EventType "team-tourn"]
[EventRounds "10"]
[EventCountry "CUB"]
[SourceTitle "EXT 2021"]
[Source "ChessBase"]
[SourceDate "2020.10.23"]
[SourceVersion "1"]
[SourceVersionDate "2020.10.23"]
[SourceQuality "1"]
[WhiteTeam "Havana"]
[BlackTeam "Artemisa"]
[WhiteTeamCountry "CUB"]
[BlackTeamCountry "CUB"]

1. d4 Nf6 2. Bf4 g6 3. e3 Bg7 4. Nf3 0-0 5. c4 c5 6. Nc3 cxd4 7. exd4 d5 8. h3 Qa5 9. Qb3 dxc4 10. Bxc4 Qf5 11. Be3 Nc6 12. Be2 b6 13. 0-0 Bb7 14. Rac1 Rac8 15. Rfd1 Na5 16. Qb5 Qxb5 17. Nxb5 a6 18. Nc3 b5 19. b3 Nd5 20. Nxd5 Bxd5 21. Ne5 Rfd8 22. Bf3 Bxf3 23. Nxf3 Nc6 24. d5 Nb4 25. Rxc8 Rxc8 26. a3 Nc2 27. Bc1 Nd4 28. Nxd4 Bxd4 29. Bg5 f6 30. Rxd4 fxg5 31. d6 exd6 32. Rxd6 Rc3 33. Rxa6 Rxb3 34. Ra7 Rb1+ 35. Kh2 b4 36. axb4 Rxb4 37. Kg3 Rc4 38. Ra5 h6 39. Ra7 Rb4 40. Kf3 Rc4 41. g3 Rb4 42. Ke3 Rc4 43. Rd7 Ra4 44. Rd4 Rxd4 45. Kxd4 Kf7 46. Ke5 Ke7 47. g4 Kf7 48. Kd5 Ke7 49. f3 Kf7 50. Kd6 Kf6 51. Kd7 Kf7 52. Kd8 Kf8 53. Kd7 Kf7 54. Kd6 Kf6 55. Kd5 Kf7 56. Ke5 Ke7 57. f4 gxf4 58. Kxf4 Kf6 1/2-1/2